Το πέρασμα του θεού : και άλλα διηγήματα
Αποθηκεύτηκε σε:
| Κύριος συγγραφέας: | |
|---|---|
| Μορφή: | Βιβλίο |
| Γλώσσα: | Greek |
| Δημοσίευση: |
Αθήνα :
Νεφέλη,
1988.
|
| Σειρά: | Πεζογραφική μας παράδοση.
; 12 |
| Θέματα: | |
| Ετικέτες: |
Προσθήκη ετικέτας
Δεν υπάρχουν, Καταχωρήστε ετικέτα πρώτοι!
|
MARC
| LEADER | 00000cam a2200000 i 4500 | ||
|---|---|---|---|
| 001 | 1/53465 | ||
| 008 | 140822s1988 gr | ||| |||| ||gre|| | ||
| 035 | |l 10118681 | ||
| 040 | |a GR-MY-UA |b gre |e aacr | ||
| 041 | 0 | |a gre | |
| 082 | 7 | |a 889.32 |2 (23) | |
| 100 | 1 | |a Νιρβάνας, Παύλος, |d 1866-1937. | |
| 245 | 1 | 3 | |a Το πέρασμα του θεού : |b και άλλα διηγήματα / |c Παύλος Νιρβάνας. |
| 260 | |a Αθήνα : |b Νεφέλη, |c 1988. | ||
| 300 | |a 121 σ. ; |c 12 εκ. | ||
| 490 | 1 | |a (Πεζογραφική μας παράδοση. Σειρά Α' / Εκδόσεις Νεφέλη ; |v 12) | |
| 650 | 0 | 0 | |a Greek fiction, Modern. |
| 830 | 0 | |a Πεζογραφική μας παράδοση. |n Σειρά Α' (Εκδόσεις Νεφέλη) |v ; 12 | |
| 852 | |a INST |b LESVOS |e 20140822 |h 889.32 ΝΙΡ |p 005100054778 |q 005100054778 |t BK |y 0 | ||
| 901 | |a BIBL1-2014-2 | ||
| 909 | |a Λ |b 190199 | ||
| 970 | |a ΤΖΑΦΕΡΗ |b ΕΥΑΓΓΕΛΙΑ |z 2014/08/21 | ||